| 000 | 00411nam a2200157 a 4500 | ||
|---|---|---|---|
| 001 | 000032889 | ||
| 005 | 20240305103442.0 | ||
| 008 | 110801s1952 mx 000 0 spa d | ||
| 040 |
_aDO-SdBNP _bspa _cBNPHU |
||
| 082 |
_axxx _bI37 |
||
| 100 | 1 |
_aIncháustegui Cabral, Héctor, _d1912-1979 _921024 |
|
| 245 | 1 | 0 | _aCasi de ayer. |
| 260 |
_aMéxico : _bStylo, _c1952. |
||
| 300 |
_a130 p. : _b25 cm. |
||
| 049 | _aBNPD | ||
| 999 |
_c32380 _d32380 |
||